Pakistan aur jamaat-e-Islami (Urdu) (Record no. 42830)
[ view plain ]
| 000 -LEADER | |
|---|---|
| fixed length control field | 00470nam a2200181Ia 4500 |
| 001 - CONTROL NUMBER | |
| control field | 44851 |
| 008 - FIXED-LENGTH DATA ELEMENTS--GENERAL INFORMATION | |
| fixed length control field | 140428s9999 xx 000 0 und d |
| 020 ## - INTERNATIONAL STANDARD BOOK NUMBER | |
| International Standard Book Number | NA |
| 040 ## - CATALOGING SOURCE | |
| Transcribing agency | PK-LaUMT |
| 082 ## - DEWEY DECIMAL CLASSIFICATION NUMBER | |
| Classification number | RHC 297.65095491 |
| Item number | AHM-P |
| 100 ## - MAIN ENTRY--PERSONAL NAME | |
| Personal name | Ahmad Raef |
| 245 ## - TITLE STATEMENT | |
| Title | Pakistan aur jamaat-e-Islami (Urdu) |
| Statement of responsibility, etc | Ahmad Raef |
| 260 ## - PUBLICATION, DISTRIBUTION, ETC. (IMPRINT) | |
| Place of publication, distribution, etc | Faisalabad,Pakistan: |
| Name of publisher, distributor, etc | Misal Publishers, |
| Date of publication, distribution, etc | 1986 |
| 300 ## - PHYSICAL DESCRIPTION | |
| Extent | 176 p. |
| 546 ## - LANGUAGE NOTE | |
| Language note | UR |
| 650 ## - SUBJECT ADDED ENTRY--TOPICAL TERM | |
| Topical term or geographic name as entry element | Isalmic organization-Pakistan |
| 942 ## - ADDED ENTRY ELEMENTS (KOHA) | |
| Koha item type | Books |
| Withdrawn status | Lost status | Damaged status | Not for loan | Home library | Current library | Date acquired | Total Checkouts | Full call number | Barcode | Date last seen | Price effective from | Koha item type |
|---|---|---|---|---|---|---|---|---|---|---|---|---|
| UMT Main Campus | UMT Main Campus | 2014-04-28 | RHC 297.65095491 AHM-P | 48541 | 2014-05-06 | 2014-05-06 | Books |
